All Founding Fathers of the US - Statistics

General Stats
  • This quiz has been taken 27 times
  • The average score is 5 of 6
Answer Stats
Hint Answer % Correct
1. Us President George Washington
100%
1. finance minister Alexander Hamilton
85%
2. Us President John Adams
85%
Author of the Declaration of Independence Thomas Jefferson
85%
Co-author of the Declaration of Independence Benjamin Franklin
63%
Father of the constitution James Madison
63%
No matching quizzes found
Score Distribution
Percent of People with Each Score
Percentile by Number Answered
Your Score History
You have not taken this quiz